| 000 | 01008cam a2200313 a 4500 | ||
|---|---|---|---|
| 999 |
_c4109 _d4109 |
||
| 001 | 4034870 | ||
| 003 | Nust | ||
| 005 | 20170105101620.0 | ||
| 008 | 980708s1999 nyu 000 1 eng | ||
| 010 | _a 98036160 | ||
| 020 | _a9780749931599 | ||
| 040 |
_aDLC _cDLC _dDLC _dOCoLC _dDLC |
||
| 043 |
_an-usp-- _an-us-ca |
||
| 050 | 0 | 0 |
_aPS3568.O243 _bR58 1999 |
| 082 | 0 | 0 |
_a813.54 _bROB |
| 100 | 1 | _aRoberts, Nora. | |
| 245 | 1 | 0 |
_aRiver's end / _cNora Roberts. |
| 260 |
_aNew York : _bG.P. Putnam's Sons, _c1999. |
||
| 300 |
_a402 p. ; _c24 cm. |
||
| 650 | 0 |
_aMotion picture actors and actresses _vFiction. |
|
| 650 | 0 |
_aChildren of celebrities _vFiction. |
|
| 651 | 0 |
_aNorthwest, Pacific _vFiction. |
|
| 651 | 0 |
_aCalifornia _vFiction. |
|
| 655 | 7 |
_aPsychological fiction. _2lcsh |
|
| 655 | 7 |
_aSuspense fiction. _2gsafd |
|
| 906 |
_a7 _bcbc _corignew _d1 _eocip _f19 _gy-gencatlg |
||
| 942 |
_2ddc _cBK |
||